000 00922cad a22002055a 4500
001 E152227
008 110214s2011 xxk f 000 0 eng d
020 _a9780755999927
035 _a(Sirsi) u152227
041 0 _aeng
110 2 _aScotland
_bScottish Government
_95344
245 0 4 _aLicensing of houses in multiple occupation
_bstatutory guidance for local authorities, draft for consultation
_h[electronic resource]
260 _aEdinburgh
_bScottish Government
_c2011
520 _aSeeks views on proposed guidance for Scottish local authorities on licensing of houses in multiple occupation. Deadline for comments is 21 March 2011.
590 _aKA
651 4 _aScotland
_y1999-
690 _aPROPERTY-RESIDENTIAL PROPERTY-DOMESTIC RESIDENTIAL PROPERTY-HOUSING
856 4 0 _uhttps://www.scotland.gov.uk/Publications/2011/02/03132417/0
_zView the consultation free of charge at www.scotland.gov.uk
942 _n0
999 _c111930
_d111930